48. geodetické informační dny [elektronický zdroj] : Sborník referátů. Brno,ČR, 13.-14.2.2013

Salvato in:
Dettagli Bibliografici
Natura: Libro
Pubblicazione: Brno : Český svaz geodetů a kartografů, 2013
Tags: Aggiungi Tag
Nessun Tag, puoi essere il primo ad aggiungerne!!

MARC

LEADER 00000nam a22000003a 4500
001 stu262754
005 20150408183040.1
008 130218s--------xr----------------------d
020 |a 978-80-02-02428-6 
040 |a STU  |b slo 
041 0
044 |a xr 
245 |a 48. geodetické informační dny [elektronický zdroj] :  |b Sborník referátů. Brno,ČR, 13.-14.2.2013 
260 |a Brno :  |b Český svaz geodetů a kartografů,  |c 2013 
300 |c CD-ROM 
996 |c V*353/A  |l VV4  |s P  |a 0  |w stu262754_0001